000 00823nam a2200229 4500
003 DO-SdBNP
005 20221021092702.0
007 ta
008 221021b201- dr ||||| |||| 00| 0 spa d
040 _aDO-SdBNP
_bspa
_cBNPHU
082 4 _222
_bM548v
245 0 0 _aMensaje 27 de febrero 2013 :
_ben el bicentenario de Juan Pablo Duarte, renovemos nuestros ideales
246 _aMensaje veintisiete de febrero 2013:
260 _aSanto Domingo :
_bConferencia del Episcopado Dominicano,
_c[2013.]
300 _a35 p. ;
_c22 cm.
500 _aIncluye bibliografía y notas al pié de páginas.
590 _aInventariado 2022 / BT
650 4 _939149
_aElecciones
_xCongresos, conferencias, etc.
_zRepública Dominicana
710 2 _aConferencia del Episcopado Dominicano
_957163
910 _aBtavárez
942 _2ddc
_cLF2
999 _c52605
_d52605